00430nam a2200121Ia 4500008004100000024004400041082001600085100005700101245006600158260002500224600002100249650003800270250506s9999 xx 000 0 und d a11B-002-BS, 11B-040-BS & 11B-050-BS a005.072 ISM aMuhammad Ismail, Tahseen ullah Khan & Pardeep Kummar 0aPHP Framework GUI Support with Content Management (Code Book) aKarachi:bUIT,c2011 aComputer Science aBachelor of Computer Science (BS)